000 00659cam a22002411 4500
001 ne 64001224
003 DLC
005 20260227111759.0
008 890401s1963 xx 000 0 arar
010 _ane 64001224
035 _a(OCoLC)23511339
040 _aDLC
_cMiU
_dDLC
042 _apremarc
043 _aaw-----
_af-ua---
050 0 0 _aDS63
_b.B22
100 2 _aBahāʼ al-Dīn, Aḥmad.
245 1 0 _aAzmat ittifāqīyat al-waḥdah al-thulāthīyah.
260 _c[1963.
300 _a113 p.
_c24 cm.
500 _aRomanized.
651 0 _aMiddle East
_xPolitics and government.
651 0 _aUnited Arab Republic
_xPolitics and government.
999 _c47023
_d47023